Ancient Greece (Record no. 901)

000 -LEADER
fixed length control field 00743nam a22002417a 4500
003 - CONTROL NUMBER IDENTIFIER
control field OSt
005 - DATE AND TIME OF LATEST TRANSACTION
control field 20210426101922.0
008 - FIXED-LENGTH DATA ELEMENTS--GENERAL INFORMATION
fixed length control field 210120s1979 ||||| |||| 00| 0 eng d
020 ## - INTERNATIONAL STANDARD BOOK NUMBER
International Standard Book Number 0500271612
040 ## - CATALOGING SOURCE
Original cataloging agency eng
Language of cataloging eng
Transcribing agency DLC
041 ## - LANGUAGE CODE
Language code of text/sound track or separate title eng
080 ## - UNIVERSAL DECIMAL CLASSIFICATION NUMBER
Universal Decimal Classification number 008
Item number G-78
100 ## - MAIN ENTRY--PERSONAL NAME
9 (RLIN) 667
Personal name Green, Peter
245 ## - TITLE STATEMENT
Title Ancient Greece
Remainder of title : An Illustrated History with 208 Illustrations and 6 Maps
Statement of responsibility, etc. / by: Thames and Hudson
250 ## - EDITION STATEMENT
Edition statement USA paperback edition
260 ## - PUBLICATION, DISTRIBUTION, ETC.
Place of publication, distribution, etc. New York
Name of publisher, distributor, etc. Thames and Hudson
Date of publication, distribution, etc. 1979
300 ## - PHYSICAL DESCRIPTION
Extent 192 p.
Other physical details ill.
365 ## - TRADE PRICE
Price amount 14.95 usd
650 #0 - SUBJECT ADDED ENTRY--TOPICAL TERM
9 (RLIN) 410
Topical term or geographic name entry element History of civilizations
653 ## - INDEX TERM--UNCONTROLLED
Uncontrolled term ცივილიზაციების ისტორია
653 ## - INDEX TERM--UNCONTROLLED
Uncontrolled term საბერძნეთი
942 ## - ADDED ENTRY ELEMENTS (KOHA)
Source of classification or shelving scheme
Koha item type Books
Holdings
Withdrawn status Lost status Source of classification or shelving scheme Damaged status Not for loan Permanent location Current location Date acquired Inventory number Total Checkouts Full call number Barcode Date last seen Price effective from Koha item type
          Ken Walker International University Ken Walker International University 01/20/2021 2411   008 G-78 2411 01/20/2021 01/20/2021 Books

Powered by Koha